Integrated solid waste management : engineering principles and management issues

Αποθηκεύτηκε σε:
Λεπτομέρειες βιβλιογραφικής εγγραφής
Κύριος συγγραφέας: Tchobanoglous, George
Άλλοι συγγραφείς: Theisen, Hilary, Vigil, Samuel
Μορφή: Βιβλίο
Γλώσσα:English
Δημοσίευση: New York : McGraw-Hill, 1993
Σειρά:McGraw-Hill series in water resources and environmental engineering
Θέματα:
Ετικέτες: Προσθήκη ετικέτας
Δεν υπάρχουν, Καταχωρήστε ετικέτα πρώτοι!

MARC

LEADER 00000cam a2200000 i 4500
001 1/96545
008 940913s1993 eng d
020 |a 0-07-112865-4 
035 |l 10010224 
040 |a GR-MY-UA  |b gre  |e aacr 
041 0 |a eng 
082 0 |a 363.7285 
100 1 |a Tchobanoglous, George. 
245 1 0 |a Integrated solid waste management :  |b engineering principles and management issues /  |c George Tchobanoglous; Hilary Theisen; Samuel Vigil 
260 |a New York :   |b McGraw-Hill,   |c 1993 
300 |a 978 p.  |b ill. 
490 1 |a McGraw-Hill series in water resources and environmental engineering 
504 |a Includes bibliographical references and index 
650 0 0 |a Refuse and refuse disposal. 
650 0 0 |a Hazardous wastes. 
700 1 |a Theisen, Hilary. 
700 1 |a Vigil, Samuel. 
830 0 |a McGraw-Hill series in water resources and environmental engineering 
852 |a INST  |b LESVOS  |e 19940913  |h 363.7285 TCH  |p 005100003677  |q 005100003677  |t BK  |y 0 
852 |a INST  |b LESVOS  |e 19940913  |h 363.7285 ΤΣΟ  |p 005100003678  |q 005100003678  |t BK  |y 0 
852 |a INST  |b LESVOS  |e 19940913  |h 363.7285 ΤΣΟ  |p 005100003683  |q 005100003683  |t BK  |y 0 
852 |a INST  |b LESVOS  |e 19940913  |h 363.7285 ΤΣΟ  |p 005100003684  |q 005100003684  |t BK  |y 0 
852 |a INST  |b LESVOS  |e 19970123  |h 363.7285 ΤΣΟ  |p 005100012168  |q 005100012168  |t BK  |y 0 
909 |a Λ  |b 036359